[Event "Campeonato España Sub 10"]
[Site "Salobreña"]
[Date "2017.07.08"]
[Round "9"]
[White "Ortiz Padro, Pol"]
[Black "Ivorra Ivorra, Angela"]
[Result "1/2-1/2"]
[Board "15"]
[WhiteClock "1:30"]
[WhiteElo "1382"]
[WhiteCountry "ESP"]
[WhiteFideId "24594040"]
[WhiteEloChange "-3"]
[BlackClock "1:30"]
[BlackElo "1280"]
[BlackCountry "ESP"]
[BlackFideId "24555886"]
[BlackEloChange "3"]

1. e4 {[%clk 1:30:00]} e6 {[%clk 1:30:00]} 2. d4 {[%clk 1:31:00]} d5 {[%clk
1:29:32]} 3. Nd2 {[%clk 1:31:00]} dxe4 {[%clk 1:29:32]} 4. Nxe4 {[%clk 1:30:27]}
Nd7 {[%clk 1:29:32]} 5. Be3 {[%clk 1:29:58]} Ngf6 {[%clk 1:29:32]} 6. Bg5 {[%clk
1:23:00]} Be7 {[%clk 1:09:00]} 7. Bxf6 {[%clk 1:21:00]} Nxf6 {[%clk 1:05:00]} 8.
Nxf6+ {[%clk 1:21:00]} Bxf6 {[%clk 1:05:00]} 9. Nf3 {[%clk 1:21:00]} O-O {[%clk
1:04:00]} 10. Be2 {[%clk 1:20:30]} b6 {[%clk 1:04:00]} 11. O-O {[%clk 1:20:30]}
Bb7 {[%clk 1:03:00]} 12. c3 {[%clk 1:05:00]} Rc8 {[%clk 0:49:00]} 13. b4 {[%clk
1:04:00]} c5 {[%clk 0:49:00]} 1/2-1/2

[Event "Campeonato España Sub 10"]
[Site "Salobreña"]
[Date "2017.07.08"]
[Round "9"]
[White "Raya Hidalgo, Dario"]
[Black "Diaz Lopez, Santigo David"]
[Result "0-1"]
[Board "16"]
[WhiteClock "1:30"]
[WhiteElo "1136"]
[WhiteCountry "ESP"]
[WhiteFideId "24552569"]
[WhiteEloChange "-5"]
[BlackClock "1:30"]
[BlackElo "1342"]
[BlackCountry "ESP"]
[BlackFideId "24515922"]
[BlackEloChange "5"]

1. e4 {[%clk 1:30:00]} c5 {[%clk 1:30:00]} 2. Nf3 {[%clk 1:31:00]} d6 {[%clk
1:31:00]} 3. d4 {[%clk 1:31:00]} cxd4 {[%clk 1:30:32]} 4. Nxd4 {[%clk 1:31:00]}
Nf6 {[%clk 1:32:00]} 5. Nc3 {[%clk 1:32:00]} g6 {[%clk 1:32:00]} 6. Be3 {[%clk
1:31:26]} Bg7 {[%clk 1:32:00]} 7. Bc4 {[%clk 1:30:58]} O-O {[%clk 1:31:00]} 8.
Bb3 {[%clk 1:30:58]} Nc6 {[%clk 1:28:00]} 9. f3 {[%clk 1:18:00]} Bd7 {[%clk
0:34:00]} 10. Qd2 {[%clk 1:18:00]} Rc8 {[%clk 0:33:00]} 11. O-O {[%clk 1:17:28]}
Ne5 {[%clk 0:33:00]} 12. Bg5 {[%clk 1:17:28]} Nc4 {[%clk 0:33:00]} 13. Qe2 {[%clk
1:17:28]} Na5 {[%clk 0:33:00]} 14. Bxf6 {[%clk 1:17:28]} Nxb3 {[%clk 0:32:00]}
15. Nxb3 {[%clk 1:17:28]} Bxf6 {[%clk 0:31:30]} 16. h4 {[%clk 1:17:28]} a5 {[%clk
0:31:30]} 17. f4 {[%clk 1:17:28]} a4 {[%clk 0:31:30]} 18. Nd4 {[%clk 1:17:00]} a3
{[%clk 0:31:00]} 19. h5 axb2 {[%clk 0:30:30]} 20. Rab1 Rxc3 {[%clk 0:30:30]} 0-1

[Event "Campeonato España Sub 10"]
[Site "Salobreña"]
[Date "2017.07.08"]
[Round "9"]
[White "Cereijo Suarez, Alejandro"]
[Black "Gonzalez Fernandez, Manuel Jesus"]
[Result "1/2-1/2"]
[Board "17"]
[WhiteClock "1:30"]
[WhiteElo "1327"]
[WhiteCountry "ESP"]
[WhiteFideId "24596116"]
[WhiteEloChange "-2"]
[BlackClock "1:30"]
[BlackElo "1259"]
[BlackCountry "ESP"]
[BlackFideId "24561878"]
[BlackEloChange "2"]

1. d4 {[%clk 1:30:00]} Nf6 {[%clk 1:30:00]} 2. Bf4 {[%clk 1:29:32]} g6 {[%clk
1:30:00]} 3. Nf3 {[%clk 1:28:59]} Bg7 {[%clk 1:31:00]} 4. e3 {[%clk 1:28:30]} d6
{[%clk 1:30:00]} 5. Nbd2 {[%clk 1:29:00]} O-O {[%clk 1:29:30]} 6. Be2 {[%clk
1:29:00]} Nbd7 {[%clk 1:28:58]} 7. h3 {[%clk 1:29:00]} Qe8 {[%clk 1:28:29]} 8. c3
{[%clk 1:28:30]} e5 9. dxe5 {[%clk 1:28:30]} dxe5 10. Bh2 {[%clk 1:28:30]} Qe7
11. O-O {[%clk 1:28:30]} Ne8 12. Re1 {[%clk 1:28:30]} f5 13. Qc2 {[%clk 1:28:30]}
b6 14. Rad1 {[%clk 1:27:59]} Bb7 15. Nb3 {[%clk 1:27:59]} Nef6 16. Bc4+ {[%clk
1:27:59]} Kh8 17. Ng5 {[%clk 1:27:59]} c5 18. Ne6 {[%clk 1:27:59]} Rfc8 19. Ng5
{[%clk 1:27:59]} Rf8 20. f3 {[%clk 1:27:59]} a6 21. a4 {[%clk 1:27:59]} b5 22.
axb5 {[%clk 1:27:59]} axb5 23. Nf7+ {[%clk 1:27:59]} Rxf7 24. Bxf7 {[%clk
1:27:30]} Qxf7 25. Nd2 {[%clk 1:27:30]} Qe6 26. c4 {[%clk 1:27:30]} b4 27. b3
{[%clk 1:27:30]} Bh6 28. e4 {[%clk 1:27:30]} f4 29. Ra1 {[%clk 1:27:00]} Qd6 30.
Rxa8+ {[%clk 1:27:00]} Bxa8 31. Rd1 {[%clk 1:27:00]} Nh5 32. Nf1 {[%clk 1:27:00]}
1/2-1/2

[Event "Campeonato España Sub 10"]
[Site "Salobreña"]
[Date "2017.07.08"]
[Round "9"]
[White "Moll Pons, Jana"]
[Black "Lopez Herrero, Israel"]
[Result "1-0"]
[Board "18"]
[WhiteClock "1:30"]
[WhiteElo "1040"]
[WhiteCountry "ESP"]
[WhiteFideId "24596280"]
[WhiteEloChange "17"]
[BlackClock "1:30"]
[BlackElo "1348"]
[BlackCountry "ESP"]
[BlackFideId "24547581"]
[BlackEloChange "-17"]

1. e4 {[%clk 1:30:00]} e5 {[%clk 1:30:00]} 2. Nf3 {[%clk 1:30:00]} Nc6 {[%clk
1:31:00]} 3. Bb5 {[%clk 1:30:00]} Bc5 {[%clk 1:30:27]} 4. O-O {[%clk 1:29:00]} d6
{[%clk 1:16:00]} 5. h3 {[%clk 1:15:00]} Nf6 {[%clk 1:16:00]} 6. Re1 {[%clk
1:15:00]} Bd7 {[%clk 1:15:32]} 7. c3 {[%clk 1:13:00]} a6 {[%clk 1:15:32]} 8. Ba4
{[%clk 1:13:00]} b5 {[%clk 1:15:32]} 9. Bc2 {[%clk 1:13:00]} O-O {[%clk 1:15:32]}
10. d4 {[%clk 1:12:31]} Bb6 {[%clk 1:15:32]} 11. Be3 {[%clk 1:12:00]} Ne7 {[%clk
1:01:00]} 12. Nbd2 {[%clk 0:52:00]} Ng6 {[%clk 1:01:00]} 13. Nf1 {[%clk 0:51:00]}
Re8 {[%clk 1:01:00]} 14. Ng3 {[%clk 0:51:00]} c6 {[%clk 1:00:30]} 1-0

[Event "Campeonato España Sub 10"]
[Site "Salobreña"]
[Date "2017.07.08"]
[Round "9"]
[White "Domene Mulyukov, Alexander"]
[Black "Santos Usua, Mikel"]
[Result "0-1"]
[Board "19"]
[WhiteClock "1:30"]
[WhiteElo "1326"]
[WhiteCountry "ESP"]
[WhiteFideId "24589802"]
[WhiteEloChange "-12"]
[BlackClock "1:30"]
[BlackElo "1256"]
[BlackCountry "ESP"]
[BlackFideId "24580910"]
[BlackEloChange "12"]

1. e4 {[%clk 1:30:00]} e5 {[%clk 1:30:00]} 2. Nf3 {[%clk 1:31:00]} Nc6 {[%clk
1:31:00]} 3. Bc4 {[%clk 1:31:00]} Bc5 {[%clk 1:30:32]} 4. c3 {[%clk 1:32:00]} Nf6
{[%clk 1:30:32]} 5. d3 {[%clk 1:31:27]} h6 {[%clk 1:30:32]} 6. Nbd2 {[%clk
1:31:27]} d5 {[%clk 1:27:00]} 7. exd5 {[%clk 1:31:00]} Nxd5 {[%clk 1:01:00]} 8.
d4 {[%clk 0:43:00]} exd4 {[%clk 1:01:00]} 9. cxd4 {[%clk 0:42:00]} Be7 {[%clk
1:01:00]} 10. h3 {[%clk 0:40:30]} O-O {[%clk 1:01:00]} 11. O-O {[%clk 0:40:30]}
Nf6 {[%clk 1:01:00]} 12. Nb3 {[%clk 0:40:30]} 0-1

[Event "Campeonato España Sub 10"]
[Site "Salobreña"]
[Date "2017.07.08"]
[Round "9"]
[White "Perez Sousa, Xabier"]
[Black "Cuesta Moscoso, Alvaro"]
[Result "0-1"]
[Board "20"]
[WhiteClock "1:30"]
[WhiteElo "1323"]
[WhiteCountry "ESP"]
[WhiteFideId "24597040"]
[WhiteEloChange "-12"]
[BlackClock "1:30"]
[BlackElo "1249"]
[BlackCountry "ESP"]
[BlackFideId "24544205"]
[BlackEloChange "12"]

1. e4 {[%clk 1:30:00]} c5 {[%clk 1:30:00]} 2. Nc3 {[%clk 1:31:00]} Nc6 {[%clk
1:31:00]} 3. Bc4 {[%clk 1:30:32]} g6 {[%clk 1:31:00]} 4. f4 {[%clk 1:30:00]} e6
{[%clk 1:31:00]} 5. Nf3 {[%clk 1:29:00]} Bg7 {[%clk 1:30:00]} 6. O-O {[%clk
1:28:00]} Nge7 {[%clk 1:29:30]} 7. Bb3 O-O {[%clk 1:29:30]} 8. d3 Re8 {[%clk
1:29:30]} 9. Qe1 d5 {[%clk 1:28:56]} 10. e5 b6 {[%clk 1:28:56]} 11. Qh4 Nf5
{[%clk 1:28:56]} 12. Qf2 Bb7 {[%clk 1:28:56]} 13. Bd2 Rc8 {[%clk 1:28:56]} 14. g4
Nfd4 {[%clk 1:28:56]} 15. Nxd4 Nxd4 {[%clk 1:28:56]} 16. Rae1 Bf8 {[%clk
1:28:27]} 17. Ne2 Nxe2+ {[%clk 1:28:27]} 18. Rxe2 c4 {[%clk 1:27:57]} 19. dxc4
dxc4 {[%clk 1:27:57]} 20. Ba4 Qd5 {[%clk 1:27:57]} 21. Qg3 Bc5+ {[%clk 1:27:57]}
22. Be3 Bxe3+ {[%clk 1:27:57]} 23. Rxe3 Red8 {[%clk 1:27:57]} 24. f5 c3 {[%clk
1:27:57]} 25. Bb3 Qh1+ {[%clk 1:27:57]} 26. Kf2 Rd2+ {[%clk 1:27:27]} 27. Re2
Rxe2+ {[%clk 1:27:27]} 28. Kxe2 Ba6+ {[%clk 1:27:27]} 29. Ke3 Qxf1 {[%clk
1:26:57]} 30. f6 Qe2+ {[%clk 1:26:57]} 31. Kd4 Rd8+ {[%clk 1:26:57]} 32. Kxc3
Rc8+ {[%clk 1:26:26]} 33. Kb4 Qb5+ {[%clk 1:26:26]} 34. Ka3 Qa5+ {[%clk 1:25:57]}
35. Ba4 Rc4 {[%clk 1:25:57]} 36. b3 Qc5+ {[%clk 1:25:27]} 37. Kb2 Rxc2+ {[%clk
1:25:27]} 38. Kb1 Qc3 {[%clk 1:24:57]} 39. Qxc3 Rxc3 {[%clk 1:24:57]} 40. h4 Rh3
{[%clk 1:24:57]} 0-1